书目信息 |
| 题名: |
市政公用工程管理与实务
|
|
| 作者: | 全国一级建造师执业资格考试用书编写委员会编写 | |
| 分册: | ||
| 出版信息: | 北京 中国建筑工业出版社 2014 |
|
| 页数: | 431页 | |
| 开本: | 26cm | |
| 丛书名: | ||
| 单 册: | ||
| 中图分类: | TU99 | |
| 科图分类: | ||
| 主题词: | 市政工程 , 市政工程--资格考试--自学参考资料 | |
| 电子资源: | ||
| ISBN: | 978-7-112-16402-8 | |
| 000 | 00925nam0 2200241 450 | |
| 001 | 140084 | |
| 005 | 20140915114728.79 | |
| 010 | @a978-7-112-16402-8@dCNY 68.00 | |
| 100 | @a20140715d2014 em y0chiy50 ea | |
| 101 | 0 | @achi |
| 102 | @aCN@b110000 | |
| 105 | @aa z 000yy | |
| 200 | 1 | @a市政公用工程管理与实务@Ashi zheng gong yong gong cheng guan li yu shi wu@b专著@f全国一级建造师执业资格考试用书编写委员会编写 |
| 205 | @a4版 | |
| 210 | @a北京@c中国建筑工业出版社@d2014 | |
| 215 | @a431页@c图@d26cm | |
| 300 | @a全国一级建造师执业资格考试用书(第四版)/丁士昭,逄宗展主编 1K400000 | |
| 330 | @a本书共分三个部分:第一部分介绍了市政公用工程的各项专业工程技术;第二部分介绍了市政公用工程项目施工管理的相关内容;第三部分介绍了市政公用工程项目施工相关法规与标准。 | |
| 606 | 0 | @a市政工程 |
| 606 | 0 | @a市政工程@x资格考试@j自学参考资料 |
| 690 | @aTU99@v5 | |
| 801 | 0 | @aCN@bZL@c20140915 |
| 905 | @a241430@dTU99@eQ9302=4 | |
| 市政公用工程管理与实务/全国一级建造师执业资格考试用书编写委员会编写.-4版.-北京:中国建筑工业出版社,2014 |
| 431页:图;26cm |
| 全国一级建造师执业资格考试用书(第四版)/丁士昭,逄宗展主编 1K400000 |
| ISBN 978-7-112-16402-8:CNY 68.00 |
| 本书共分三个部分:第一部分介绍了市政公用工程的各项专业工程技术;第二部分介绍了市政公用工程项目施工管理的相关内容;第三部分介绍了市政公用工程项目施工相关法规与标准。 |
| ● |
| 相关链接 |
|
|
|
正题名:市政公用工程管理与实务
索取号:TU99/Q9302=4
 
预约/预借
| 序号 | 登录号 | 条形码 | 馆藏地/架位号 | 状态 | 备注 |
| 1 | 0833473 | 208334738 | 市政与环境工程学院资料室/ [索取号:TU99/Q9302=4] | 在馆 | |
| 2 | 0833474 | 208334747 | 建筑库201/201建筑库 122排1列3层/ [索取号:TU99/Q9302=4] | 在馆 | |
| 3 | 0833475 | 208334756 | 市政与环境工程学院资料室/ [索取号:TU99/Q9302=4] | 在馆 | |
| 4 | 0833476 | 208334765 | 建筑库201/201建筑库 122排1列3层/ [索取号:TU99/Q9302=4] | 在馆 | |
| 5 | 0833477 | 208334774 | 建筑库201/201建筑库 122排1列3层/ [索取号:TU99/Q9302=4] | 在馆 | |
| 6 | 0833478 | 208334783 | 市政与环境工程学院资料室/ [索取号:TU99/Q9302=4] | 在馆 | |
| 7 | 0833479 | 208334792 | 市政与环境工程学院资料室/ [索取号:TU99/Q9302=4] | 在馆 | |
| 8 | 0833480 | 208334809 | 市政与环境工程学院资料室/ [索取号:TU99/Q9302=4] | 在馆 | |
| 9 | 0833481 | 208334818 | 市政与环境工程学院资料室/ [索取号:TU99/Q9302=4] | 在馆 | |
| 10 | 0833482 | 208334827 | 市政与环境工程学院资料室/ [索取号:TU99/Q9302=4] | 在馆 |